00840cam a2200229 a 450000100100000000500170001000800410002702000150006804000290008308200190011210000300013124501050016126000370026630000310030365000360033465000320037065000220040291000370042404900090046195201230047099900170059300001835920200929165455.0870821s1988 nyu b 001 0 eng d a0553277758 aDO-SdBNPbengcLCdBNPHU a613.284bC776d1 aCooper, Kenneth H.93976414aDr. Kenneth H. Cooper's preventive medicine program :bcontrolling cholesterol /cKenneth H. Cooper. aNew York :bBantam Books,c1988. ax, 395 p. :bil. ;c18 cm. 4aDieta bajo en colesterol939765 4aDieta baja en grasas939766 4aColesterol926754 aCatalogación por derivada / LC aBNGR 001054708MOaGRbGRcCTd2010-04-30iLF1l0o613.284 C776dp18359-10r2020-06-25w2020-06-25y4ZPréstamo en sala c17880d17880